000 00550nam a2200229Ia 4500
003 OSt
005 20221005115549.0
006 a|||||r|||| 00| 0
007 ta
008 221004b |||||||| |||| 00| 0 tam d
024 _a49515
037 _cTextual
040 _aCRL
_cCRL
_btam
041 _2tam
_atam
082 _aO31,3N201,14, J7
100 _aRV Au.
_9627755
245 0 _aChina chn
260 _c1957
650 _aTAMIL FICTION
942 _hO31,3N201,14, J7
_cTEXL
_2cc
999 _c1035215
_d1035215